Uso y conservación de la fauna silvestre en la amazonia. (Registro nro. 17435)

Detalles MARC
000 -CABECERA
Campo de control 01260nam a22002777a 4500
005 - FECHA Y HORA DE LA ULTIMA TRANSACCION
Campo de control 20150424093634.0
008 - ELEMENTOS DE LONGITUD FIJA—INFORMACION GENERAL
Campo de control 170415b1995 ve ||||| |||| 00| 0 spa d
040 ## - FUENTE DE CATALOGACIÓN
Agencia catalogadora original CO-BoIAVH
Agencia transcriptora CO-BoIAVH
041 ## - IDIOMA
Código de idioma para texto/pista de sonido o título separado Español
044 ## - PAÍS DE PUBLICACIÓN
País de publicación Perú
082 04 - NUMERO DE CLASIFICACION DECIMAL DEWEY
Número de clasificación 590.8546
Número del ítem O39
100 10 - ASIENTO PRINCIPAL--NOMBRE PERSONAL
Nombre personal Ojasti, Juhani
245 10 - MENCION DE TITULO
Título Uso y conservación de la fauna silvestre en la amazonia.
260 ## - PUBLICACION, DISTRIBUCION, ETC. (PIE DE IMPRENTA)
Lugar de publicación, distribución, etc. Lima:
Nombre del editor, distribuidor, etc. Tratado de Coperación Amazónica - TCA,
Fecha de publicación, distribución, etc. 1995.
300 ## - DESCRIPCION FISICA
Extensión 164 p.
Dimensiones 24 cm.
500 ## - NOTA GENERAL
Nota general Material impreso de página web.<br/>Solo disponible para consulta en sala
505 ## - NOTA DE CONTENIDO
Nota de contenido Uso de la fauna silvestre amazónica<br/>Comercio de la fauna silvestre y sus productos<br/>Valor económico de la fauna silvestre<br/>Manejo sostenible de la fauna silvestre<br/>Conservación de la fauna silvestre<br/>Lineamientos de política
650 #6 - ASIENTO SECUNDARIO DE MATERIA - TERMINO TEMATICO
Término temático o nombre geográfico como elemento de entrada Fauna silvestre
Subdivisión geográfica Perú
-- Amazonia (Región)
650 #6 - ASIENTO SECUNDARIO DE MATERIA - TERMINO TEMATICO
Término temático o nombre geográfico como elemento de entrada Fauna silvestre
Subdivisión general comercialización
Subdivisión geográfica Perú
-- Amazonia (Región)
650 #6 - ASIENTO SECUNDARIO DE MATERIA - TERMINO TEMATICO
Término temático o nombre geográfico como elemento de entrada Fauna silvestre
Subdivisión general manejo sostenible
Subdivisión geográfica Perú
-- Amazonia (Región)
650 #4 - ASIENTO SECUNDARIO DE MATERIA - TERMINO TEMATICO
Término temático o nombre geográfico como elemento de entrada Fauna silvestre
Subdivisión general políticas
650 #4 - ASIENTO SECUNDARIO DE MATERIA - TERMINO TEMATICO
Término temático o nombre geográfico como elemento de entrada Conservación de biodiversidad
Subdivisión geográfica Perú
-- Amazonia (Región)
650 #6 - ASIENTO SECUNDARIO DE MATERIA - TERMINO TEMATICO
Término temático o nombre geográfico como elemento de entrada Amazonia
Subdivisión general Fauna silvestre
662 #6 - ASIENTO SECUNDARIO DE MATERIA - JERARQUIA DEL NOMBRE DE LUGAR(
País o entidad mayor Colombia
942 ## - ELEMENTOS ADICIONALES (KOHA)
Tipo de ítem Libro
Sistema de clasificación Dewey Decimal Classification
Existencias
Withdrawn status Lost status Sistema de Clasificación Damaged status No para préstamo Colección Inventariado Ubicación Permanente Ubicación actual Fecha de adquisición Fuente de Valor Valor Total Checkouts Número topográfico Inventario / Código de Barras Date last seen Date checked out Ejemplar Price effective from Forma de adquisición Tipo de material Public note
    Dewey Decimal Classification     General Inventariado 2017 Bogotá Bogotá 17/04/2015 Instituto 39000.00 1 LB-590.8546 O39 039003 09/10/2019 09/10/2019 Ej. 1 17/04/2015   Libro Disponible solo para consutta en sala